Экспериментальный театр рассказа. 2: [2010-2014 гг.] (Запись № 11854209)

Подробности
000 -МАРКЕР
контрольное поле 01626nam2a2200313 4500
001 - ИДЕНТИФИКАТОР ЗАПИСИ
контрольное поле RU\NLR\BIBL_A\011797451
005 - ИДЕНТИФИКАТОР ВЕРСИИ
контрольное поле 20200120143606.0
010 ## - МЕЖДУНАРОДНЫЙ СТАНДАРТНЫЙ НОМЕР КНИГИ (ISBN)
Номер (ISBN) 978-5-00045-590-6
Тираж 100
021 ## - НОМЕР ГОСУДАРСТВЕННОЙ РЕГИСТРАЦИИ
Код страны российская федерация
Номер КН-П-18-061621
Номер Листа государственной регистраци КН-П-18-4432
035 ## - ДРУГИЕ СИСТЕМНЫЕ НОМЕРА
Идентификатор записи (NLR Aleph) 011797451
035 ## - ДРУГИЕ СИСТЕМНЫЕ НОМЕРА
Идентификатор записи (RuMoRGB)009720992
100 ## - ДАННЫЕ ОБЩЕЙ ОБРАБОТКИ
Данные общей обработки 20180924d2018 u y0rusy50 ca
101 0# - ЯЗЫК РЕСУРСА
Язык текста, звукозаписи и т.д. русский
102 ## - СТРАНА ПУБЛИКАЦИИ ИЛИ ПРОИЗВОДСТВА
Страна публикации российская федерация
105 ## - ПОЛЕ КОДИРОВАННЫХ ДАННЫХ: ТЕКСТОВЫЕ МАТЕРИАЛЫ, МОНОГРАФИЧЕСКИЕ
Кодированные данные о монографическом текстовом документе ach z 000zy
200 1# - ЗАГЛАВИЕ И СВЕДЕНИЯ ОБ ОТВЕТСТВЕННОСТИ
Основное заглавие [2010-2014 гг.]
210 ## - ПУБЛИКАЦИЯ, РАСПРОСТРАНЕНИЕ И ДР.
Дата издания, распространения и т.д. 2018
215 ## - ФИЗИЧЕСКАЯ ХАРАКТЕРИСТИКА
Специфическое обозначение материала и объем 211, [1] с.
Другие сведения о физической характеристике ил., цв. ил., портр., факс.
Размеры 29
300 ## - ОБЩИЕ ПРИМЕЧАНИЯ
Текст примечания Описано по обл. На тит. л. загл.: Экспериментальный театр рассказа 2000-х гг.
461 #0 - УРОВЕНЬ НАБОРА
Встроенное поле 001RU\NLR\BIBL_A\010918746
-- 2001#$aЭкспериментальный театр рассказа$eальбом$fЛ. Н. Иванская$gПетровская акад. наук и искусств$v2
-- 700#1$aИванская$bЛ. Н.$gЛариса Николаевна$3RU\NLR\AUTH\7767969
Системный номер (АБИС) связанной записи 10666330
Автор Иванская, Л. Н.
Место публикации Санкт-Петербург
Дата публикации 2015
Первые сведения об ответственности Л. Н. Иванская
Имя издателя, распространителя и т.д. Астерион
Сведения, относящиеся к заглавию альбом
Заглавие Экспериментальный театр рассказа
Номер тома 2
517 1# - ДРУГИЕ ВАРИАНТЫ ЗАГЛАВИЯ
Вариант заглавия Экспериментальный театр рассказа 2000-х гг.
942 ## - ДОПОЛНИТЕЛЬНЫЕ ЭЛЕМЕНТЫ ЗАПИСИ (АБИС)
Тип экземпляра АБИС Книга
980 ## - КОЛЛЕКЦИЯ
Название коллекции НБР
980 ## - КОЛЛЕКЦИЯ
Название коллекции Национальная библиография

Нет доступных экземпляров.